Normale Ansicht MARC-Ansicht ISBD

Warum wir das Böse lieben: Dark Tourism, Lost Places und Filme aus Babelsberg / (Titelsatznr. 373081)

[ MARC ]
MARC-Details
000 -Satzkennung
Kontrollfeld mit fester Länge 00721nam a2200205 4500
008 - Feld mit fester Länge zur physischen Beschreibung - Allgemeine Angaben
Kontrollfeld mit fester Länge 201207b ||||| |||| 00| 0 eng d
040 ## - Katalogisierungsquelle
Katalogisierungssprache ger
Übertragungsstelle DE-2950
Beschreibungsfestlegungen rda
Original-Katalogisierungsstelle DE-2950
041 ## - Sprachcode
Sprachcode des Textes/der Tonspur oder des separaten Titels ger
245 ## - Titel
Haupttitel Warum wir das Böse lieben: Dark Tourism, Lost Places und Filme aus Babelsberg /
Verantwortlichkeitsangabe Kathrin Schwarz
264 ## - Veröffentlichungsangabe, Vertriebsangabe, Herstellungsangabe
Erscheinungs-, Vertriebs-, Herstellungsdatum 2023
490 ## - Gesamttitelangabe
Haupttitel der Reihe/Unterreihe Die Mark Brandenburg
Zählung Heft 131: Kriminalfall Brandenburg. 2023
653 ## - Lokales Schlagwort
Nicht-normierter Term Brandenburg <Land>
653 ## - Lokales Schlagwort
Nicht-normierter Term Kriminalität
653 ## - Lokales Schlagwort
Nicht-normierter Term Lost Places
773 ## - Übergeordnete Einheit
Ort, Verlag und Erscheinungsjahr Berlin: Die Mark Brandenburg - Verlag für Regional- und Zeitgeschichte
Verknüpfungsangaben (2023) Heft 131, S. 28-31 : Abb.
Titel Die Mark Brandenburg
942 ## - Zusätzliche Felder (Koha)
Koha-Medientyp Aufsätze
Exemplare
Ausgeschieden Verloren Beschädigt Nicht entleihbar Permanenter Standort Aktueller Standort Eingabedatum Anzahl Ausleihen Signatur Letzte Aktivität Preis gültig von Medientyp
        Stadtarchiv Frankfurt (Oder) | Archivbibliothek Stadtarchiv Frankfurt (Oder) | Archivbibliothek 23/04/2024   Bb1 102 23/04/2024 23/04/2024 Aufsätze